Vận dụng phương pháp dạy học hợp tác và dạy chủ đề phương pháp tọa độ trong mặt phẳng : Luận văn thạc sĩ khoa học giáo dục. Chuyên ngành: Lí luận và phương pháp dạy học bộ môn toán
Nghiên cứu của luận văn là nhằm nghiên cứu quá trình dạy học hợp tác áp dụng vào chủ đề phương pháp toạ độ mặt phẳng nâng cao hiệu quả học tập cho học sinh.
Сохранить в:
| Главный автор: | |
|---|---|
| Формат: | |
| Язык: | Undetermined |
| Опубликовано: |
Cần Thơ
Đại học Cần Thơ
2013
|
| Предметы: | |
| Метки: |
Добавить метку
Нет меток, Требуется 1-ая метка записи!
|
| Thư viện lưu trữ: | Trung tâm Học liệu Trường Đại học Cần Thơ |
|---|
| LEADER | 01173nam a2200217Ia 4500 | ||
|---|---|---|---|
| 001 | CTU_184499 | ||
| 008 | 210402s9999 xx 000 0 und d | ||
| 082 | |a 371.227 | ||
| 082 | |b L105 | ||
| 088 | |a 60140111 | ||
| 100 | |a Nguyễn, Thị Xuân Lan | ||
| 245 | 0 | |a Vận dụng phương pháp dạy học hợp tác và dạy chủ đề phương pháp tọa độ trong mặt phẳng : | |
| 245 | 0 | |b Luận văn thạc sĩ khoa học giáo dục. Chuyên ngành: Lí luận và phương pháp dạy học bộ môn toán | |
| 245 | 0 | |c Nguyễn Thị Xuân Lan ; Võ Thành Phước hướng dẫn cao học | |
| 260 | |a Cần Thơ | ||
| 260 | |b Đại học Cần Thơ | ||
| 260 | |c 2013 | ||
| 520 | |a Nghiên cứu của luận văn là nhằm nghiên cứu quá trình dạy học hợp tác áp dụng vào chủ đề phương pháp toạ độ mặt phẳng nâng cao hiệu quả học tập cho học sinh. | ||
| 650 | |a Teaching methods,Phương pháp giảng dạy | ||
| 904 | |i Võ, Thị Diệu | ||
| 980 | |a Trung tâm Học liệu Trường Đại học Cần Thơ | ||